Loading...
| Science - Other | 0 | 6 | 0 | 0 | 60 | 42 | 80.83 | 1 | 2 | 0.00 | 0.00 |
| History - World | 0 | 4 | 0 | 0 | 40 | 116 | 127.75 | 0 | 0 | 0.00 | 0.00 |
| History - American | 0 | 3 | 0 | 0 | 30 | 90 | 107.33 | 0 | 1 | 0.00 | 0.00 |
| Literature - American | 0 | 3 | 1 | 0 | 25 | 90 | 112.33 | 0 | 0 | 0.00 | 0.00 |
| Current Events | 0 | 2 | 0 | 0 | 20 | 70 | 82.50 | 0 | 2 | 0.00 | 0.00 |
| Fine Arts - Painting & Sculpture | 0 | 2 | 0 | 0 | 20 | 63 | 104.00 | 0 | 0 | 0.00 | 0.00 |
| History - European | 0 | 2 | 0 | 0 | 20 | 91 | 112.50 | 0 | 0 | 0.00 | 0.00 |
| Literature - British | 0 | 2 | 0 | 0 | 20 | 86 | 107.00 | 0 | 1 | 0.00 | 0.00 |
| Literature - World | 0 | 2 | 0 | 1 | 20 | 152 | 153.00 | 0 | 0 | 0.00 | 0.00 |
| Fine Arts - Other | 0 | 2 | 1 | 0 | 15 | 45 | 84.00 | 1 | 1 | 0.00 | 0.00 |
| History - Other | 0 | 2 | 1 | 0 | 15 | 127 | 134.50 | 0 | 0 | 0.00 | 0.00 |
| Other Academic | 0 | 2 | 2 | 0 | 10 | 73 | 103.50 | 1 | 1 | 0.00 | 0.00 |
| Geography | 0 | 1 | 0 | 0 | 10 | 88 | 88.00 | 0 | 1 | 0.00 | 0.00 |
| Literature - European | 0 | 1 | 0 | 0 | 10 | 154 | 154.00 | 0 | 0 | 0.00 | 0.00 |
| Science - Chemistry | 0 | 1 | 0 | 0 | 10 | 145 | 145.00 | 0 | 0 | 0.00 | 0.00 |
| Science - Physics | 0 | 0 | 1 | 0 | -5 | 0.00 | 0 | 0 | 0.00 | 0.00 | |
| Philosophy | 0 | 0 | 1 | 0 | -5 | 0.00 | 0 | 0 | 0.00 | 0.00 | |
| Science - Biology | 0 | 0 | 1 | 0 | -5 | 0.00 | 0 | 0 | 0.00 | 0.00 |